|
|
|
|
| LEADER |
00000nam a2200000 a 4500 |
| 001 |
vtls001180265 |
| 003 |
SK-MaSNL |
| 005 |
20260302031652.0 |
| 008 |
251029s1980 xo slo |
| 035 |
|
|
|a SNK000123267
|
| 035 |
|
|
|a urn:nbn:sk:snk-amkeup
|
| 035 |
|
|
|a urn:nbn:sk:snk-am003urg
|
| 035 |
|
|
|a 2E677ED9-E2E9-44A7-8875-FDA1BC69534F
|
| 040 |
|
|
|a SNK
|b slo
|c SNK
|e AACR2
|
| 041 |
0 |
|
|a slo
|
| 044 |
|
|
|a xo
|c SK
|
| 080 |
|
|
|a 885.0-31=854
|2 1981
|
| 080 |
|
|
|a 82-312.4
|2 1981
|
| 100 |
1 |
|
|a Matějka, Květoslav
|4 aut
|9 62300
|
| 245 |
1 |
0 |
|a Prízrak smrčiny
|c Květoslav Matějka ; [Prel.] Peter Hajdúk ; Ilustr. Pavel Frček
|
| 260 |
|
|
|a Praha
|b Naše vojsko
|c 1980
|e Praha
|f Naše vojsko
|
| 300 |
|
|
|a 133, [1] s.
|c 20 cm
|
| 490 |
1 |
|
|a Magnet
|v 5/80
|
| 700 |
1 |
|
|a Hajdúk, Peter,
|d 1929-
|4 trl
|9 40193
|
| 700 |
1 |
|
|a Frček, Pavel
|4 ill
|9 282315
|
| 830 |
|
0 |
|a Magnet
|9 281726
|
| 852 |
|
|
|a Slovenská národná knižnica
|
| 954 |
|
|
|a romány detektívne české
|
| 958 |
|
|
|a OND
|
| 999 |
|
|
|c 1053282
|d 1055212
|
| 952 |
|
|
|a SNK
|b SNK
|y PREZ
|7 0
|p 17A1013738
|o snkSC 89107
|0 0
|1 0
|4 0
|d 2012-08-21
|f 1
|l 0
|r 2025-09-08 00:00:00
|w 2026-02-24
|
| 952 |
|
|
|t P60, <04>, [BOOK], {604}
|a SNK
|b SNK
|y VYP
|7 0
|p 17A0079301
|o snkSC 89107 D1
|0 0
|1 0
|4 0
|d 1997-07-08
|l 0
|r 2005-01-01 00:00:00
|w 2026-02-24
|